[Event "Asian Cities-chT"]
[Site "Khanty-Mansiysk"]
[Date "2024.04.27"]
[Round "7.2"]
[White "Chuluunbaatar, Gerelmaa"]
[Black "Al Mashikhi, Mohammed Alyan"]
[Result "1-0"]
[WhiteElo "1731"]
[BlackElo "1980"]
[PlyCount "107"]
[EventDate "2024.04.21"]
[EventType "team-swiss"]
[EventRounds "9"]
[EventCountry "RUS"]
[SourceTitle "CB18_2024"]
[SourceDate "2024.05.01"]
[SourceVersion "1"]
[SourceVersionDate "2024.05.01"]
[SourceQuality "2"]
[WhiteTeam "Sukhbaatar"]
[BlackTeam "Muscat"]
[WhiteTeamCountry "MGL"]
[BlackTeamCountry "OMN"]

1. d4 d5 2. Bf4 Nf6 3. e3 c5 4. dxc5 Nc6 5. Bb5 Bd7 6. Nc3 e6 7. Bxc6 Bxc6 8. Qd4 a5 9. Be5 Be7 10. Nf3 a4 11. b4 axb3 12. cxb3 Nd7 13. b4 Nxe5 14. Nxe5 0-0 15. 0-0 Bf6 16. f4 Qc7 17. a4 Rfc8 18. Rfc1 Be8 19. Nb5 Bxb5 20. axb5 h6 21. Rxa8 Rxa8 22. c6 b6 23. Ra1 Rb8 24. Ra6 g5 25. h3 gxf4 26. exf4 Qd6 27. Ra3 Qe7 28. Qd2 Bxe5 29. fxe5 Qh4 30. Kh2 Kf8 31. Ra7 Kg7 32. Qe3 Qh5 33. Rb7 Rg8 34. Qf4 Qg6 35. Qg3 d4 36. Rd7 Kh7 37. Qxg6+ Kxg6 38. g4 Ra8 39. Rxd4 Ra2+ 40. Kg3 Rc2 41. Kf4 f6 42. Ke4 Rc3 43. h4 Rc1 44. exf6 Kxf6 45. g5+ hxg5 46. hxg5+ Ke7 47. Rd7+ Ke8 48. Ke5 Rc4 49. Rd4 Rc1 50. Kxe6 Re1+ 51. Kf6 Rf1+ 52. Kg6 Ke7 53. Re4+ Kf8 54. Rc4 1-0

[Event "Asian Cities-chT"]
[Site "Khanty-Mansiysk"]
[Date "2024.04.26"]
[Round "6.3"]
[White "Chuluunbaatar, Gerelmaa"]
[Black "Miswadah, Baha"]
[Result "1-0"]
[WhiteElo "1731"]
[BlackElo "1986"]
[PlyCount "127"]
[EventDate "2024.04.21"]
[EventType "team-swiss"]
[EventRounds "9"]
[EventCountry "RUS"]
[SourceTitle "CB18_2024"]
[SourceDate "2024.05.01"]
[SourceVersion "1"]
[SourceVersionDate "2024.05.01"]
[SourceQuality "2"]
[WhiteTeam "Sukhbaatar"]
[BlackTeam "Al Quds"]
[WhiteTeamCountry "MGL"]
[BlackTeamCountry "PLE"]

1. d4 d5 2. Bf4 Nf6 3. e3 c5 4. dxc5 Nc6 5. Bb5 Qa5+ 6. Nc3 Bd7 7. Nge2 e6 8. a3 Qd8 9. b4 a5 10. Bxc6 Bxc6 11. Nd4 Rc8 12. 0-0 Be7 13. Nb3 axb4 14. axb4 Bd7 15. Qd4 b6 16. cxb6 Rc4 17. b7 Rxd4 18. Nxd4 0-0 19. b8Q Qxb8 20. Bxb8 Rxb8 21. b5 Bb4 22. Nce2 e5 23. Nc6 Rxb5 24. Nxe5 Bd6 25. Nxd7 Nxd7 26. Nd4 Rb8 27. g3 g6 28. Rfb1 Rc8 29. Ra7 Ne5 30. Ra5 Bc5 31. Nb3 Nd7 32. Rd1 Bf8 33. Raxd5 Nf6 34. Rd8 Rxc2 35. Rb8 Kg7 36. Rb7 Ne4 37. Nd4 Nxf2 38. Rf1 Nh3+ 39. Kh1 Rc8 40. Rbxf7+ Kg8 41. Ne6 Bh6 42. Kg2 Ng5 43. Nxg5 Bxg5 44. R7f3 Re8 45. Re1 Re4 46. Kf2 h5 47. Rd1 h4 48. Ke2 Be7 49. Rd4 Re6 50. gxh4 Kg7 51. Rdf4 Kh6 52. Ra4 Kh5 53. Rf7 Kh6 54. Ra7 Bxh4 55. Rh7+ Kg5 56. Ra5+ Kf6 57. Rxh4 Rb6 58. Rd4 Rb2+ 59. Rd2 Rb7 60. Ra6+ Kf5 61. Kf3 Rb5 62. Rda2 g5 63. R6a5 g4+ 64. Kg3 1-0

[Event "Asian Cities-chT"]
[Site "Khanty-Mansiysk"]
[Date "2024.04.22"]
[Round "2.2"]
[White "Chuluunbaatar, Gerelmaa"]
[Black "Looi, Xin Hao"]
[Result "0-1"]
[WhiteElo "1731"]
[BlackElo "2059"]
[PlyCount "134"]
[EventDate "2024.04.21"]
[EventType "team-swiss"]
[EventRounds "9"]
[EventCountry "RUS"]
[SourceTitle "CB18_2024"]
[SourceDate "2024.05.01"]
[SourceVersion "1"]
[SourceVersionDate "2024.05.01"]
[SourceQuality "2"]
[WhiteTeam "Sukhbaatar"]
[BlackTeam "Penang"]
[WhiteTeamCountry "MGL"]
[BlackTeamCountry "MAS"]

1. d4 d5 2. Bg5 f6 3. Bh4 Nh6 4. e3 Nf5 5. Bg3 h5 6. h3 Nxg3 7. fxg3 Qd6 8. Kf2 e5 9. Be2 g6 10. c4 exd4 11. Qxd4 dxc4 12. Bxc4 Bf5 13. Nc3 Nc6 14. Qxd6 Bxd6 15. Nf3 Ne5 16. Nxe5 Bxe5 17. Rad1 c6 18. g4 Bd7 19. gxh5 gxh5 20. Ne4 b6 21. b3 Ke7 22. Nd2 b5 23. Bd3 Rhg8 24. Nf3 Bg3+ 25. Ke2 c5 26. Be4 Rac8 27. Rxd7+ Kxd7 28. Bf5+ Kc6 29. Bxc8 Rxc8 30. Nd2 Rg8 31. Kf3 h4 32. Rc1 f5 33. e4 Rd8 34. Rc2 Be1 35. Nf1 fxe4+ 36. Kxe4 Re8+ 37. Kd3 Rf8 38. Ne3 Bf2 39. Ng4 Rd8+ 40. Ke4 Bd4 41. Nh2 Re8+ 42. Kf5 Rf8+ 43. Ke4 Re8+ 44. Kf5 Bf2 45. Nf3 Bg3 46. Nd4+ Kb6 47. Ne6 Rc8 48. Ke4 Rc6 49. Ng7 a5 50. Nf5 Rg6 51. a4 Be1 52. Kd5 Rg5 53. Ke6 c4 54. bxc4 b4 55. c5+ Kc7 56. Nd4 Bc3 57. Nb3 Re5+ 58. Kf7 Kc6 59. Rf2 Rxc5 60. Nxc5 Kxc5 61. Rf5+ Kc4 62. Rxa5 b3 63. Rf5 b2 64. Rf1 Kb3 65. Kg6 Kxa4 66. Kg5 Bd2+ 67. Kxh4 Bc1 0-1

[Event "Eastern Asia-ch U12"]
[Site "Tornelo INT"]
[Date "2021.10.31"]
[Round "8"]
[White "Ho, Dang Nhat Minh"]
[Black "Chuluunbaatar, Gerelmaa"]
[Result "0-1"]
[WhiteElo "1134"]
[BlackElo "1006"]
[PlyCount "120"]
[EventDate "2021.10.29"]
[EventType "swiss"]
[EventRounds "9"]
[EventCountry "NET"]
[SourceTitle "EXT 2023"]
[Source "ChessBase"]
[SourceDate "2022.10.05"]
[SourceVersion "1"]
[SourceVersionDate "2022.10.05"]
[SourceQuality "1"]

1. e4 d6 2. Bc4 Nf6 3. Nc3 Nxe4 4. Bxf7+ Kxf7 5. Nxe4 h6 6. d4 g6 7. Qf3+ Kg7 8. Nh3 Nc6 9. c3 e5 10. d5 Ne7 11. c4 Nf5 12. Be3 Be7 13. g4 Nxe3 14. fxe3 Rf8 15. Qg2 c6 16. Kd2 cxd5 17. cxd5 Qa5+ 18. Nc3 Qb4 19. Kc2 Bxg4 20. Rhg1 h5 21. Nf2 Rac8 22. Nxg4 hxg4 23. Qxg4 Rf2+ 24. Kd3 e4+ 25. Qxe4 Rxc3+ 26. bxc3 Rd2+ 27. Kxd2 Qxe4 28. Rad1 Qxd5+ 29. Ke2 Qxa2+ 30. Kf3 Qxh2 31. Rg2 Qh5+ 32. Rg4 Qf5+ 33. Rf4 Qh3+ 34. Ke4 Bg5 35. Rff1 Qxe3+ 36. Kd5 Qe5+ 37. Kc4 Qc5+ 38. Kd3 Bf6 39. Rc1 d5 40. Rfe1 Qc4+ 41. Kd2 Bg5+ 42. Kc2 Bxc1 43. Rxc1 g5 44. Rg1 g4 45. Kd2 Qf4+ 46. Kc2 Qf2+ 47. Kd3 Qxg1 48. Kc2 Qf2+ 49. Kd3 Qf3+ 50. Kd4 g3 51. c4 g2 52. cxd5 g1Q+ 53. Ke5 Qge3+ 54. Kd6 Qb6+ 55. Ke5 Qh5+ 56. Ke4 Qb4+ 57. Ke3 Qh3+ 58. Kf2 Qb2+ 59. Kg1 Qe3+ 60. Kh1 Qec1# 0-1

[Event "Eastern Asia-ch U12"]
[Site "Tornelo INT"]
[Date "2021.10.29"]
[Round "3"]
[White "Chuluunbaatar, Gerelmaa"]
[Black "Gaikwad, Manas"]
[Result "0-1"]
[WhiteElo "1006"]
[BlackElo "1243"]
[PlyCount "90"]
[EventDate "2021.10.29"]
[EventType "swiss"]
[EventRounds "9"]
[EventCountry "NET"]
[SourceTitle "EXT 2023"]
[Source "ChessBase"]
[SourceDate "2022.10.05"]
[SourceVersion "1"]
[SourceVersionDate "2022.10.05"]
[SourceQuality "1"]

1. d4 Nf6 2. Bf4 g6 3. Nc3 d6 4. e4 Bg7 5. Qd2 a6 6. 0-0-0 b5 7. f3 b4 8. Nb1 a5 9. g4 h5 10. g5 Nh7 11. h4 Nc6 12. Bb5 Bd7 13. Ne2 0-0 14. Bxc6 Bxc6 15. Be3 a4 16. d5 Bd7 17. Bd4 b3 18. cxb3 axb3 19. a3 c5 20. Bxg7 Kxg7 21. Qc3+ Kg8 22. Nd2 Rb8 23. Rhg1 Bb5 24. Nf4 Re8 25. Rg3 Nf8 26. Rdg1 Kh7 27. Nh3 e6 28. Nf4 e5 29. Nh3 c4 30. f4 Nd7 31. f5 Nc5 32. Nf2 Na4 33. Qf3 Re7 34. Nd1 c3 35. Nxc3 Nxc3 36. bxc3 b2+ 37. Kb1 Qa5 38. c4 Qxd2 39. cxb5 Rc7 40. fxg6+ fxg6 41. Qd1 Rc1+ 42. Qxc1 bxc1R+ 43. Rxc1 Rxb5+ 44. Rb3 Rxb3+ 45. Ka1 Qb2# 0-1